Trabajo, consumismo y nuevos pobres

Furkejuvvon:
Bibliográfalaš dieđut
Váldodahkki: Bauman, Zygmunt (autor)
Materiálatiipa: Girji
Giella:espánnjágiella
Almmustuhtton: Barcelona Gedisa 1999
Ráidu:Sociología. Serie CLADEMA
Fáttát:
Fáddágilkorat: Lasit fáddágilkoriid
Eai fáddágilkorat, Lasit vuosttaš fáddágilkora!

MARC

LEADER 00000cam a2200000 a 4500
001 UCO7696
003 CL-VaPUC
008 001117e19990000SP |||||||||||||||||spa|d
020 |a 8474327504 
082 0 4 |a 331.01  |b BAU  |2 21 
100 |a Bauman, Zygmunt  |e autor  |9 452354 
245 1 0 |a Trabajo, consumismo y nuevos pobres 
300 |a 155 p 
942 |c BK 
945 |d 20001117 00:00:00  |a rbrito 
260 |a Barcelona  |b Gedisa  |c 1999 
650 0 |a Trabajo y empleo  |9 315054 
650 0 |a Pobreza  |9 258652 
650 7 |a CONSUMISMO  |2 CL-VaPUC  |9 452355 
650 0 |a Ética  |9 255099 
583 |a last modification  |c 20170223 11:13:47  |k Rodrigo Vera 
490 0 |a Sociología. Serie CLADEMA 
999 |c 292579  |d 292577 
952 |0 0  |1 0  |4 0  |6 331_010000000000000_BAU_1999  |7 0  |8 A  |9 343529  |a BIBEDU  |b BIBEDU  |d 2019-11-20  |i 3655946  |o 331.01 BAU 1999  |p 3655946  |r 2019-11-20  |w 2019-11-20  |y BK  |k PSI 
952 |0 0  |1 0  |4 0  |6 331_010000000000000_BAU_1999  |7 0  |8 A  |9 343530  |a BIBEDU  |b BIBEDU  |d 2019-11-20  |i 3698289  |o 331.01 BAU 1999  |p 3698289  |r 2019-11-20  |w 2019-11-20  |y BK  |k EPE 
952 |0 0  |1 0  |4 0  |6 331_010000000000000_BAU_1999  |7 0  |8 A  |9 343531  |a BIBEDU  |b BIBEDU  |d 2019-11-20  |i 4099923  |o 331.01 BAU 1999  |p 4099923  |r 2019-11-20  |w 2019-11-20  |y BK  |k PSI 
952 |0 0  |1 0  |4 0  |6 331_010000000000000_BAU_1999  |7 0  |8 A  |9 343532  |a BIBGIM  |b BIBGIM  |d 2019-11-20  |i 4224272  |l 4  |o 331.01 BAU 1999  |p 4224272  |r 2025-01-15  |s 2023-03-27  |w 2019-11-20  |y BK  |k SSL 
952 |0 0  |1 0  |4 0  |6 331_010000000000000_BAU_1999  |7 0  |8 A  |9 343533  |a BIBGIM  |b BIBGIM  |d 2019-11-20  |i 4224280  |l 3  |m 2  |o 331.01 BAU 1999  |p 4224280  |r 2025-01-15  |s 2024-03-21  |w 2019-11-20  |y BK  |k SSL 
952 |0 0  |1 0  |3 erb  |4 0  |6 331_010000000000000_BAU_1999  |7 0  |8 A  |9 343534  |a BIBENE  |b BIBENE  |i 532730K  |o 331.01 BAU 1999  |p 532730K  |r 2025-01-15  |w 2019-11-20  |y BK  |z Catalogado en:20170226  |k ICO